000 00270nam a2200097Ia 4500
008 220204s9999 xx 000 0 und d
082 _a66(035)
_bHAN
245 0 _aHandbook and directory of industry. 1975-76
260 _aBombay
_bGirijakumar and Agarwal
_c1976
942 _cBK
999 _c25156
_d25156